Asamiya byakaranar jiliangni (Record no. 2454)

MARC details
000 -LEADER
fixed length control field 00448cam a2200193ua 4500
001 - CONTROL NUMBER
control field 2603
005 - DATE AND TIME OF LATEST TRANSACTION
control field 20260515113531.0
008 - FIXED-LENGTH DATA ELEMENTS--GENERAL INFORMATION
fixed length control field 110829n ii |||gr||||Z||||||eng
040 ## - CATALOGING SOURCE
Transcribing agency MAIN
082 ## - DEWEY DECIMAL CLASSIFICATION NUMBER
Classification number 491.4515
100 1# - MAIN ENTRY--PERSONAL NAME
Relator term Author.
245 11 - TITLE STATEMENT
Title Asamiya byakaranar jiliangni
Statement of responsibility, etc. by
250 ## - EDITION STATEMENT
Edition statement 1st.
260 ## - PUBLICATION, DISTRIBUTION, ETC.
Place of publication, distribution, etc. [s.l]:
Name of publisher, distributor, etc. [s.n].
300 ## - PHYSICAL DESCRIPTION
Extent 350p:
Dimensions 23cm.
653 ## - INDEX TERM--UNCONTROLLED
Uncontrolled term Assamese grammar
653 ## - INDEX TERM--UNCONTROLLED
Uncontrolled term Asamiya byakaranar jiliangni
942 ## - ADDED ENTRY ELEMENTS (KOHA)
Koha item type Books
Holdings
Withdrawn status Lost status Damaged status Not for loan Home library Current library Shelving location Date acquired Total checkouts Full call number Barcode Date last seen Copy number Price effective from Koha item type
        Naharkatiya College Library Naharkatiya College Library General stacks 09/19/2020   491.4515 7639 09/19/2020 1 09/19/2020 Books